Sokrates

Guardat en:
Dades bibliogràfiques
Autor principal: Xénophon Santas, Gerasimos (Autor)
Format: Llibre
Idioma:espanyol
Publicat: Madrid Ediciones J.B. Bergua 1954
Col·lecció:Colección Tesoro Literario. Autores Griegos
Matèries:
Etiquetes: Afegir etiqueta
Sense etiquetes, Sigues el primer a etiquetar aquest registre!

MARC

LEADER 00000nam a2200000 a 4500
001 UCZ1815
003 CL-VaPUC
008 950907e19540000SP |||||||||||||||||spa|d
082 0 4 |a 183.2  |b XEN  |2 21 
100 0 |a Xénophon Santas, Gerasimos  |e author  |9 345444 
245 1 0 |a Sokrates 
246 1 0 |a Apología de Socrates 
246 1 3 |a El banquete 
246 1 0 |a Recuerdos Socraticos 
246 1 0 |a De lo económico 
246 1 0 |a Cartas 
300 |a 542 p 
942 |c BK 
945 |d 19950907 00:00:00  |a rbrito 
260 |a Madrid  |b Ediciones J.B. Bergua  |c 1954 
600 0 |a Sócrates  |9 266368 
650 0 |a Filosofía griega  |9 265579 
583 |a last modification  |c 19950907 00:00:00  |k Rodrigo Vera 
490 0 |a Colección Tesoro Literario. Autores Griegos 
999 |c 238515  |d 238513 
952 |0 0  |1 0  |4 0  |6 183_200000000000000_XEN_1954  |7 0  |8 A  |9 248735  |a BIBHIS  |b BIBHIS  |d 2019-11-18  |i 309975K  |o 183.2 XEN 1954  |p 309975K  |r 2025-01-20  |w 2019-11-18  |y BK  |k HIS